| 000 | 00425nam a2200157Ia 4500 | ||
|---|---|---|---|
| 008 | 230711s9999||||xx |||||||||||||| ||und|| | ||
| 041 | _aENG | ||
| 082 |
_a624 _bRE-L |
||
| 100 | _aReis,RA | ||
| 245 | 0 | _aProgramming logic controllers : principles and applications | |
| 250 | _a2nd . Ed. | ||
| 260 |
_c2004 _aNew Delhi _bPHI Learning Private Limited |
||
| 650 | _aComputer Engineering | ||
| 700 | _aWebb,John W. | ||
| 942 | _cBK | ||
| 999 |
_c4374 _d4374 |
||